Reglamento de la Sociedad Española de Higiene (Record no. 165487)

MARC details
000 -LEADER
campo de control de longitud fija 00829nam a2200205 i 4500
001 - NÚMERO DE CONTROL
campo de control 165487
003 - IDENTIFICADOR DE NÚMERO DE CONTROL
campo de control ES-MaACL
005 - FECHA Y HORA DE LA ÚLTIMA TRANSACCIÓN
campo de control 20250814001347.0
008 - DATOS DE LONGITUD FIJA--INFORMACIÓN GENERAL
campo de control de longitud fija 990412s1883 sp |||| | spa d
040 ## - FUENTE DE CATALOGACIÓN
Centro catalogador/agencia de origen CCPB | B
Lengua de catalogación spa
Centro/agencia transcriptor CCPB | B
110 2# - ENTRADA PRINCIPAL--NOMBRE DE ENTIDAD CORPORATIVA
Nombre de entidad corporativa o nombre de jurisdicción como elemento de entrada Sociedad Española de Higiene.
9 (RLIN) 6725
245 10 - MENCIÓN DEL TÍTULO
Título Reglamento de la Sociedad Española de Higiene
Resto del título : sección de Madrid : aprobado en junta general que se celebró 19 de enero de 1883.
260 ## - PUBLICACIÓN, DISTRIBUCIÓN, ETC.
Lugar de publicación, distribución, etc. Madrid :
Nombre del editor, distribuidor, etc. [s.n.],
Fecha de publicación, distribución, etc. 1883 (
Fabricante Imprenta de Enrique Teodoro)
300 ## - DESCRIPCIÓN FÍSICA
Extensión 19 p. ;
Dimensiones 26 cm.
610 27 - PUNTO DE ACCESO ADICIONAL DE MATERIA--NOMBRE DE ENTIDAD CORPORATIVA
Nombre de entidad corporativa o nombre de jurisdicción como elemento de entrada Sociedad Española de Higiene-
Subdivisión de forma Reglamentos
Fuente del encabezamiento o término
9 (RLIN) 134885
852 ## - LOCALIZACIÓN
Ubicación ES-MaACL
Número de control de estantería T-384-F-11
Nota libre -- Enc. hol., falto de la enc. editorial
-- -- Enc. en un vol. facticio
852 ## - LOCALIZACIÓN
Ubicación ES-MaACL
Número de control de estantería Fol-Laf-153
Nota libre -- Rúst.
852 ## - LOCALIZACIÓN
Ubicación ES-MaACL
Número de control de estantería T-383-F-2
Holdings
Estatus retirado Estado de pérdida Estado de daño No para préstamo Colección Biblioteca de origen Biblioteca actual Ubicación en estantería Fecha de adquisición Total de préstamos Signatura topográfica completa Código de barras Visto por última vez Precio de reemplazo Tipo de ítem Koha Fuente de adquisición
        Colección de folletos Biblioteca del Ateneo de Madrid Biblioteca del Ateneo de Madrid Depósito folletos 17/01/2008   Fol-Laf-153 1173542 23/02/2023 23/02/2023 Folleto  
        Colección de folletos Biblioteca del Ateneo de Madrid Biblioteca del Ateneo de Madrid Depósito folletos 25/06/2005   T-383-F-2 1202199 23/02/2023 23/02/2023 Folleto  
        Colección de folletos Biblioteca del Ateneo de Madrid Biblioteca del Ateneo de Madrid Depósito folletos 17/01/2008   T-384-F-11 1173541 23/02/2023 23/02/2023 Folleto